THE MOUSE & THE MASK Tracklist (DANGERDOOM, MFDOOM) - Statistics

General Stats
  • This quiz has been taken 9 times
    7 since last reset
  • The average score is 8 of 16
Answer Stats
Hint Answer % Correct
1 El Chupa Nibre
86%
2 Sofa King
86%
15 Sofa King - Danger Mouse Remix
86%
5 Benzi Box
57%
10 Crosshairs
57%
11 Mince Meat
57%
3 The Mask
57%
12 Vats Of Urine
57%
14 Bada Bing
43%
4 Perfect Hair
43%
13 Space Ho's
43%
16 Space Ho's - Madlib Remix
43%
6 Old School Rules
29%
7 A.T.H.F (Aqua Team Hunger Force)
14%
8 Basket Case
14%
9 No Names
14%
No matching quizzes found
Score Distribution
Percent of People with Each Score
Percentile by Number Answered
Your Score History
You have not taken this quiz since the last reset